ポケふたに描かれているポケモンから都道府県 - Statistics

General Stats
  • This quiz has been taken 56 times
  • The average score is 8 of 40
Answer Stats
Hint Answer % Correct
アローラロコン、ナエトル、ヒコザル、ポッチャマ 北海道
49%
ミジュマル、パールル、モトトカゲ、アギルダー 三重県
49%
ホウオウ、ヤバソチャ、ピカチュウ、ダーテング 京都府
49%
イーブイ、グレイシア、リーフィア、ニンフィア 鹿児島県
47%
イシツブテ、カブト、プテラ、チゴラス 岩手県
41%
カイリュー、ガチゴラス、シャリタツ、ウミディグダ 福井県
41%
ヤドン、シェルダー、ヤドラン、ヌオー 香川県
41%
ラプラス、ジラーチ、ヒトデマン、ユキノオー 宮城県
39%
サンド、クラブ、カモネギ、ヒトモシ 鳥取県
33%
チェリンボ、ポポッコ、プルリル、クマシュン 山形県
29%
ナッシー、レジギガス、キマワリ、モクロー 宮崎県
29%
カイオーガ、ウインディ、ハブネーク、ラブカス 沖縄県
24%
ラッキー、ロズレイド、モルペコ、ヒマナッツ 福島県
22%
リザードン、ポッポ、ミュウ、キャタピー 東京都
22%
ヌオー、ヤンヤンマ、リリーラ、フィオネ 高知県
20%
エンテイ、ドータクン、シキジカ、ヒノヤコマ 奈良県
18%
ピカチュウ、ペリッパー、ゴンベ、コダック 神奈川県
16%
ウッウ、ナマズン、ドドゲザン、バオップ 岐阜県
16%
ゲッコウガ、ギャラドス、ゲコガシラ 滋賀県
16%
ヤンチャム、リグレー、ウーラオス、セレビィ 和歌山県
16%
ルカリオ、ケンホロウ、サルノリ、ポチエナ 岡山県
16%
ガーディ、パピモッチ、ヘルガー、ユキワラシ 秋田県
14%
アーマーガア、カイリュー、エアームド、ミニリュウ 埼玉県
14%
シビルドン、メロエッタ、ムクホーク、ジーランス 静岡県
14%
ルギア、ベイリーフ、フレフワン、パルシェン 兵庫県
14%
ワッカネズミ、オムスター、ドジョッチ、サザンドラ 島根県
14%
デンリュウ、キモリ、イルカマン、コータス 長崎県
14%
ボルトロス、ラクライ、エレブー、イワパレス 栃木県
12%
アブソル、マーイーカ、キュワワー、レディバ 富山県
12%
エンペルト、チョンチー、ドガース、アーボ 山口県
12%
ニョロモ、ニョロゾ、キングドラ、スイクン 徳島県
12%
タイレーツ、フラージェス、ムクバード、ガラルカモネギ 千葉県
8%
コイキング、ヒンバス、ピジョン 新潟県
8%
コイル、ワンパチ、エレキッド、ギギアル 大阪府
8%
ニャース 佐賀県
8%
ミロカロス 石川県
6%
コイキング、ピジョット、ブーバー、マホイップ 愛知県
6%
ヤレユータン、ジュラルドン、ルナトーン、ギルガルド 福岡県
6%
キャモメ、ユキハミ、バチンウニ、ナマコブシ 青森県
4%
アマカジ、アマージョ、シュバルゴ、ネギガナイト 愛媛県
4%
No matching quizzes found
Score Distribution
Percent of People with Each Score
Percentile by Number Answered
Your Score History
You have not taken this quiz